[Event "SLO-chT1 West"]
[Site "Slovenia"]
[Date "2022.10.14"]
[Round "4.1"]
[White "Olenik Campa, Rudi"]
[Black "Milenkovic, Mladen"]
[Result "1/2-1/2"]
[WhiteElo "2151"]
[BlackElo "2379"]
[PlyCount "60"]
[EventDate "2022.10.07"]
[EventType "team-tourn"]
[EventRounds "9"]
[EventCountry "SLO"]
[SourceTitle "CBM 210 Extra"]
[Source "ChessBase"]
[SourceDate "2022.11.30"]
[SourceVersion "1"]
[SourceVersionDate "2022.11.30"]
[SourceQuality "1"]
[WhiteTeam "Ljubljana Tajfun"]
[BlackTeam "Domzale Tajfun"]
[WhiteTeamCountry "SLO"]
[BlackTeamCountry "SLO"]

1. e4 c5 2. Nf3 a6 3. c4 d6 4. d4 cxd4 5. Nxd4 Nf6 6. Nc3 b6 7. f3 Bb7 8. Be3 e6 9. Be2 Nbd7 10. 0-0 Be7 11. Qd2 0-0 12. Rfd1 Re8 13. Rac1 Rc8 14. Bf1 Ne5 15. b3 d5 16. cxd5 exd5 17. Nxd5 Nxd5 18. exd5 Rxc1 19. Rxc1 Qxd5 20. Qf2 Bc5 21. Nf5 Nd7 22. Bxc5 Nxc5 23. Re1 Rxe1 24. Qxe1 Qd8 25. Qe5 Ne6 26. Qd6 b5 27. Qxd8+ Nxd8 28. Nd6 Bd5 29. a4 Bxb3 30. axb5 axb5 1/2-1/2

[Event "SRB-chT Premier"]
[Site "Vrnjacka Banja"]
[Date "2022.09.24"]
[Round "5.5"]
[White "Milosevic, Milos"]
[Black "Milenkovic, Mladen"]
[Result "1/2-1/2"]
[WhiteElo "2379"]
[BlackElo "2379"]
[PlyCount "87"]
[EventDate "2022.09.20"]
[EventType "team-tourn"]
[EventRounds "11"]
[EventCountry "SRB"]
[SourceTitle "CBM 210 Extra"]
[Source "ChessBase"]
[SourceDate "2022.11.30"]
[SourceVersion "1"]
[SourceVersionDate "2022.11.30"]
[SourceQuality "1"]
[WhiteTeam "Kac Jugovic"]
[BlackTeam "Opovo Bata Cosic"]
[WhiteTeamCountry "SRB"]
[BlackTeamCountry "SRB"]

1. e4 c5 2. Nf3 d6 3. d4 cxd4 4. Nxd4 Nf6 5. Nc3 g6 6. Be3 a6 7. f3 Nbd7 8. Qd2 b5 9. a4 bxa4 10. Rxa4 Bb7 11. Be2 Bg7 12. 0-0 0-0 13. Nb3 Qc7 14. Na5 Rfb8 15. Rfa1 Nb6 16. Rb4 Bc8 17. f4 e6 18. Bf3 e5 19. Qf2 Nfd7 20. f5 Bf8 21. Rb3 Nc5 22. Rba3 d5 23. exd5 Bxf5 24. Nc6 e4 25. Bxc5 exf3 26. Bxf8 Rxf8 27. Qxf3 Bxc2 28. Rxa6 Rxa6 29. Rxa6 Nc8 30. Qe2 Bf5 31. b4 Bd7 32. Qe5 Qb7 33. b5 Re8 34. Qd4 Bxc6 35. dxc6 Qe7 36. h3 Nd6 37. Nd5 Qe1+ 38. Kh2 Nf5 39. Nf6+ Kh8 40. Qf4 Ne3 41. Ra1 Qxa1 42. Nxe8 Nf1+ 43. Kg1 Nd2+ 44. Kh2 1/2-1/2

[Event "FRM-chT2 Final"]
[Site "Ohrid"]
[Date "2022.07.24"]
[Round "1.2"]
[White "Milenkovic, Mladen"]
[Black "Zlatkov, Anton"]
[Result "1-0"]
[WhiteElo "2375"]
[BlackElo "2149"]
[PlyCount "89"]
[EventDate "2022.07.24"]
[EventType "team-tourn"]
[EventRounds "3"]
[EventCountry "MKD"]
[SourceTitle "EXT 2023"]
[Source "ChessBase"]
[SourceDate "2022.10.05"]
[SourceVersion "1"]
[SourceVersionDate "2022.10.05"]
[SourceQuality "1"]
[WhiteTeam "Pelagon"]
[BlackTeam "MSK Centar"]
[WhiteTeamCountry "MKD"]
[BlackTeamCountry "MKD"]

1. e4 c5 2. Nc3 Nc6 3. f4 a6 4. a4 e6 5. Bc4 Nb4 6. d3 d5 7. Bb3 Nf6 8. Nf3 dxe4 9. Nxe4 b6 10. Qe2 Be7 11. f5 Nbd5 12. fxe6 Bxe6 13. Nfg5 Qd7 14. Nxe6 fxe6 15. Ng5 e5 16. Qxe5 0-0-0 17. 0-0 Bd6 18. Qf5 Rhe8 19. Bxd5 Nxd5 20. Ne4 Qxf5 21. Rxf5 Nb4 22. Bg5 Rd7 23. Rc1 Be5 24. Bf4 Bd4+ 25. Kh1 g6 26. Rg5 Rf8 27. g3 Bxb2 28. Rb1 Bf6 29. Nxc5 Rdf7 30. Ne4 Bxg5 31. Nd6+ Kd7 32. Nxf7 Bxf4 33. Rxb4 Bc7 34. Rd4+ Kc6 35. Rc4+ Kb7 36. Ng5 Rf1+ 37. Kg2 Ra1 38. Nxh7 b5 39. axb5 axb5 40. Re4 Rc1 41. Re2 Bb6 42. h4 Kc6 43. Nf8 Kc5 44. Nxg6 Kd4 45. Nf4 1-0

[Event "FRM-chT2 Gp-A"]
[Site "Ohrid"]
[Date "2022.07.22"]
[Round "2.2"]
[White "Ranic, Viktor"]
[Black "Milenkovic, Mladen"]
[Result "0-1"]
[WhiteElo "1917"]
[BlackElo "2375"]
[PlyCount "90"]
[EventDate "2022.07.21"]
[EventType "team-tourn"]
[EventRounds "5"]
[EventCountry "MKD"]
[SourceTitle "CBM 210 Extra"]
[Source "ChessBase"]
[SourceDate "2022.11.30"]
[SourceVersion "1"]
[SourceVersionDate "2022.11.30"]
[SourceQuality "1"]
[WhiteTeam "Karpos"]
[BlackTeam "Pelagon"]
[WhiteTeamCountry "MKD"]
[BlackTeamCountry "MKD"]

1. e4 c5 2. Nf3 Nc6 3. c3 d5 4. exd5 Qxd5 5. Be2 g6 6. 0-0 Bg7 7. Na3 Nf6 8. Nb5 Qd8 9. d4 a6 10. Na3 cxd4 11. Nxd4 Nxd4 12. cxd4 Be6 13. Nc4 0-0 14. Ne5 Rc8 15. Nf3 Qb6 16. h3 Rfd8 17. Bf4 Nd5 18. Be5 Qxb2 19. Rb1 Qxa2 20. Ra1 Qc2 21. Qxc2 Rxc2 22. Bd3 Rc3 23. Be4 f5 24. Ng5 Bf7 25. Nxf7 Kxf7 26. Bf3 e6 27. Rfe1 Bxe5 28. dxe5 Ke7 29. Reb1 Rd7 30. Ra5 Rc6 31. Rd1 b5 32. Rda1 b4 33. Bd1 Nc3 34. Bf3 Ne4 35. Rxa6 Rxa6 36. Rxa6 Rb7 37. Ra2 b3 38. Rb2 Kd7 39. Kf1 Kc6 40. Ke1 Kd5 41. Bd1 Kc4 42. f3 Nc3 43. g4 fxg4 44. fxg4 Nxd1 45. Kxd1 Kc3 0-1

[Event "Vojvodina-chT 21st"]
[Site "Backa Palanka"]
[Date "2021.10.28"]
[Round "9.2"]
[White "Milenkovic, Mladen"]
[Black "Brajic, Djordje"]
[Result "1-0"]
[WhiteElo "2341"]
[BlackElo "2179"]
[PlyCount "53"]
[EventDate "2021.10.23"]
[EventType "team-tourn"]
[EventRounds "11"]
[EventCountry "SRB"]
[SourceTitle "CBM 204 Extra"]
[Source "ChessBase"]
[SourceDate "2021.11.30"]
[SourceVersion "1"]
[SourceVersionDate "2021.11.30"]
[SourceQuality "1"]
[WhiteTeam "Opovo Bata Cosic"]
[BlackTeam "Krajisnik Krajina"]
[WhiteTeamCountry "SRB"]
[BlackTeamCountry "SRB"]

1. e4 e5 2. Bc4 c6 3. Nc3 Nf6 4. d4 Bb4 5. dxe5 Nxe4 6. Qd4 d5 7. exd6 0-0 8. Nge2 Bxc3+ 9. bxc3 Nxd6 10. Bd3 Nf5 11. Qf4 Ne7 12. Bb2 Ng6 13. Qg3 Nd7 14. h4 Re8 15. 0-0-0 Qa5 16. h5 Ngf8 17. c4 f6 18. f4 Qc7 19. h6 g6 20. Qh4 f5 21. Qe1 Ne6 22. Qc3 Kf7 23. c5 b5 24. cxb6 Qxb6 25. Bc4 Ke7 26. Bxe6 Kxe6 27. Nd4+ 1-0

[Event "PNWCC-Pirot Hybrid m2"]
[Site "Chess.com INT"]
[Date "2021.10.17"]
[Round "3"]
[White "Gedajlovic, Max"]
[Black "Milenkovic, Mladen"]
[Result "1/2-1/2"]
[WhiteElo "2337"]
[BlackElo "2341"]
[PlyCount "117"]
[EventDate "2021.10.16"]
[EventType "team-match"]
[EventRounds "4"]
[EventCountry "USA"]
[SourceTitle "EXT 2023"]
[Source "ChessBase"]
[SourceDate "2022.10.05"]
[SourceVersion "1"]
[SourceVersionDate "2022.10.05"]
[SourceQuality "1"]
[WhiteTeam "PNWCC"]
[BlackTeam "Pirot"]
[WhiteTeamCountry "USA"]
[BlackTeamCountry "SRB"]

1. d4 Nf6 2. c4 e6 3. Nf3 b6 4. g3 Bb7 5. Bg2 c5 6. d5 exd5 7. Nh4 g6 8. Nc3 Bg7 9. 0-0 0-0 10. Bg5 Re8 11. Nxd5 Bxd5 12. Bxd5 Nc6 13. Qd2 Qc7 14. Bf4 Qb7 15. Bf3 b5 16. Rac1 Rac8 17. Be3 bxc4 18. Rxc4 Qa6 19. Rxc5 Qxa2 20. Bf4 Bf8 21. Rcc1 Bb4 22. Qc2 Ne7 23. Qb1 Qxb1 24. Rxb1 Ned5 25. Ng2 Nxf4 26. Nxf4 Rc2 27. Rfd1 Bd2 28. Nd3 g5 29. Kf1 g4 30. Bg2 Ba5 31. e3 Bd2 32. Ra1 a5 33. Ra4 Rb8 34. Rd4 Bb4 35. e4 Bc5 36. Ra4 Bb4 37. e5 Ne8 38. Nxb4 Rxb4 39. Rxb4 axb4 40. Rxd7 Nc7 41. Be4 Rc5 42. Rd4 b3 43. Bd3 h5 44. Bc4 Ne6 45. Bxe6 fxe6 46. Rb4 Rxe5 47. Rxb3 Kf7 48. Re3 Rc5 49. Re1 Rb5 50. Rb1 Rb3 51. Ke2 e5 52. Kd1 Ke6 53. Kc2 Rf3 54. Rf1 e4 55. Kd2 Ke5 56. b4 Rb3 57. Ra1 Rxb4 58. Ke3 Rb3+ 59. Ke2 1/2-1/2

[Event "PNWCC-Pirot Hybrid m2"]
[Site "Chess.com INT"]
[Date "2021.10.17"]
[Round "4"]
[White "Milenkovic, Mladen"]
[Black "Gedajlovic, Max"]
[Result "1/2-1/2"]
[WhiteElo "2341"]
[BlackElo "2337"]
[PlyCount "58"]
[EventDate "2021.10.16"]
[EventType "team-match"]
[EventRounds "4"]
[EventCountry "USA"]
[SourceTitle "EXT 2023"]
[Source "ChessBase"]
[SourceDate "2022.10.05"]
[SourceVersion "1"]
[SourceVersionDate "2022.10.05"]
[SourceQuality "1"]
[WhiteTeam "Pirot"]
[BlackTeam "PNWCC"]
[WhiteTeamCountry "SRB"]
[BlackTeamCountry "USA"]

1. e4 e6 2. d4 d5 3. Bd3 dxe4 4. Bxe4 Nf6 5. Bf3 c5 6. Ne2 Nc6 7. Be3 cxd4 8. Nxd4 Ne5 9. Nc3 Bb4 10. Ndb5 Nxf3+ 11. Qxf3 a6 12. Rd1 Qe7 13. a3 axb5 14. axb4 Qxb4 15. Bd4 e5 16. Bxe5 Bg4 17. Qe3 0-0 18. Rd4 Qxd4 19. Qxd4 Rfd8 20. Qxd8+ Rxd8 21. Bxf6 gxf6 22. f3 Bf5 23. Ne4 Bxe4 24. fxe4 Rd4 25. 0-0 Rd2 26. Rf2 Rd1+ 27. Rf1 Rd2 28. Rf2 Rd1+ 29. Rf1 Rd2 1/2-1/2

[Event "Vojvodina-chT 2nd League"]
[Site "Backa Palanka"]
[Date "2020.10.23"]
[Round "11.2"]
[White "Milenkovic, Mladen"]
[Black "Tancik, Kristijan"]
[Result "1-0"]
[WhiteElo "2322"]
[BlackElo "2279"]
[PlyCount "65"]
[EventDate "2020.10.16"]
[EventType "team-tourn"]
[EventRounds "11"]
[EventCountry "SRB"]
[SourceTitle "EXT 2022"]
[Source "ChessBase"]
[SourceDate "2021.10.06"]
[SourceVersion "1"]
[SourceVersionDate "2021.10.06"]
[SourceQuality "1"]
[WhiteTeam "Opovo Bata Cosic"]
[BlackTeam "Backa Pacir"]
[WhiteTeamCountry "SRB"]
[BlackTeamCountry "SRB"]

1. e4 e5 2. Nf3 Nc6 3. Bc4 Nf6 4. d3 Be7 5. Nc3 d6 6. h3 0-0 7. a3 Be6 8. Nd5 Nd4 9. Nxd4 exd4 10. 0-0 Nxd5 11. exd5 Bd7 12. Re1 Bf6 13. Bf4 Re8 14. Qf3 Rxe1+ 15. Rxe1 Qf8 16. g4 Re8 17. Re4 Be5 18. Bxe5 dxe5 19. Qe2 Qd6 20. f4 f6 21. fxe5 fxe5 22. c3 dxc3 23. bxc3 Kh8 24. d4 Qxa3 25. dxe5 Qxc3 26. e6 Ba4 27. Qf2 b5 28. Rf4 Qa3 29. Bd3 Qd6 30. Rf7 Kg8 31. Rd7 Qf8 32. Qf7+ Kh8 33. Qh5 1-0

[Event "Vojvodina-chT"]
[Site "Kovacica"]
[Date "2019.11.07"]
[Round "10.2"]
[White "Milenkovic, Mladen"]
[Black "Desnica, Vladan"]
[Result "1-0"]
[WhiteElo "2304"]
[BlackElo "2323"]
[PlyCount "49"]
[EventDate "2019.11.01"]
[EventType "team-tourn"]
[EventRounds "11"]
[EventCountry "SRB"]
[SourceTitle "CBM 192 Extra"]
[Source "Chessbase"]
[SourceDate "2019.11.06"]
[SourceVersion "1"]
[SourceVersionDate "2019.11.06"]
[SourceQuality "1"]
[WhiteTeam "Cosic Opovo Bata"]
[BlackTeam "Petrovaradin Kraljica"]
[WhiteTeamCountry "SRB"]
[BlackTeamCountry "SRB"]

1. e4 c5 2. Nf3 e6 3. d4 cxd4 4. Nxd4 a6 5. c4 Nf6 6. Nc3 Qc7 7. Be2 Bb4 8. Qd3 Nc6 9. Nxc6 dxc6 10. 0-0 0-0 11. Rd1 e5 12. Bg5 Nd7 13. a3 Nc5 14. Bd8 Qb8 15. Qg3 Bxc3 16. Bf6 g6 17. Qe3 Nxe4 18. Qxe4 Bd4 19. Qh4 Qd6 20. c5 Qe6 21. Rd3 Qf5 22. Rf3 Qh5 23. Qxh5 gxh5 24. Rg3+ Bg4 25. Bxg4 1-0

[Event "Vojvodina-chT"]
[Site "Kovacica"]
[Date "2019.11.02"]
[Round "2.2"]
[White "Stocko, Josip"]
[Black "Milenkovic, Mladen"]
[Result "1/2-1/2"]
[WhiteElo "2281"]
[BlackElo "2304"]
[PlyCount "105"]
[EventDate "2019.11.01"]
[EventType "team-tourn"]
[EventRounds "11"]
[EventCountry "SRB"]
[SourceTitle "CBM 192 Extra"]
[Source "Chessbase"]
[SourceDate "2019.11.06"]
[SourceVersion "1"]
[SourceVersionDate "2019.11.06"]
[SourceQuality "1"]
[WhiteTeam "Rastina Polet"]
[BlackTeam "Cosic Opovo Bata"]
[WhiteTeamCountry "SRB"]
[BlackTeamCountry "SRB"]

1. e4 c5 2. Nf3 d6 3. d4 cxd4 4. Nxd4 Nf6 5. Nc3 a6 6. Bg5 e6 7. f4 h6 8. Bh4 Qb6 9. a3 Be7 10. Bf2 Qc7 11. Qe2 Nc6 12. Nb3 b5 13. g3 Bb7 14. Bg2 Na5 15. Nxa5 Qxa5 16. 0-0 0-0 17. Rfd1 Qc7 18. Rd2 Rad8 19. Rad1 Nd7 20. Qe3 Rfe8 21. h4 Bf8 22. Ne2 Nf6 23. Qb6 Qc8 24. e5 Bxg2 25. Kxg2 Nd5 26. Qa5 dxe5 27. fxe5 Qb7 28. Kh2 Rc8 29. Nf4 Nxf4 30. gxf4 Qf3 31. Qxa6 Rxc2 32. Rxc2 Qxd1 33. Qc6 Rd8 34. Qe4 Rd3 35. Qe2 Qxe2 36. Rxe2 Be7 37. Kg2 Kh7 38. Rc2 Kg6 39. Rc7 Bd8 40. h5+ Kxh5 41. Rxf7 Rd2 42. Kf3 Kg6 43. Rf8 Be7 44. Re8 Kf7 45. Rb8 Rxb2 46. Rb7 Ke8 47. Rb8+ Kd7 48. Rb7+ Ke8 49. Rb8+ Bd8 50. Bb6 Rd2 51. Ke3 Rd7 52. Bxd8 Rxd8 53. Rxb5 1/2-1/2

[Event "SLO-chT1 West 29th"]
[Site "Slovenia"]
[Date "2019.10.20"]
[Round "9.1"]
[White "Milenkovic, Mladen"]
[Black "Spalir, Jernej"]
[Result "1/2-1/2"]
[WhiteElo "2312"]
[BlackElo "2423"]
[PlyCount "89"]
[EventDate "2019.09.20"]
[EventType "team-tourn"]
[EventRounds "9"]
[EventCountry "SLO"]
[SourceTitle "CBM 192 Extra"]
[Source "Chessbase"]
[SourceDate "2019.11.06"]
[SourceVersion "1"]
[SourceVersionDate "2019.11.06"]
[SourceQuality "1"]
[WhiteTeam "Domzale Tajfun"]
[BlackTeam "Posocje"]
[WhiteTeamCountry "SLO"]
[BlackTeamCountry "SLO"]

1. e4 c6 2. d4 d5 3. exd5 cxd5 4. c4 Nf6 5. Nc3 Nc6 6. Nf3 Bg4 7. cxd5 Nxd5 8. Qb3 Nb6 9. d5 Bxf3 10. gxf3 Nd4 11. Qd1 e5 12. dxe6 fxe6 13. Be3 Nc6 14. Qb3 Qf6 15. Bh3 0-0-0 16. Qxe6+ Qxe6 17. Bxe6+ Kb8 18. Rd1 Bb4 19. 0-0 Rhf8 20. Rxd8+ Nxd8 21. Bg4 Nc6 22. Rd1 Ne5 23. Nd5 Nxd5 24. Rxd5 Nxf3+ 25. Kg2 Nh4+ 26. Kg3 Ng6 27. Rd7 Be7 28. f4 Rd8 29. Rxd8+ Bxd8 30. Be6 Bf6 31. b4 b6 32. Bg8 h6 33. Kf3 Kc7 34. Ke4 Ne7 35. Bc4 Bc3 36. a3 Bb2 37. f5 Bf6 38. b5 Kd6 39. Bf4+ Kc5 40. Bf1 Nd5 41. Be5 Nc3+ 42. Bxc3 Bxc3 43. Be2 Bb2 44. a4 Kb4 45. Bd1 1/2-1/2

[Event "SLO-chT1 West 29th"]
[Site "Slovenia"]
[Date "2019.09.28"]
[Round "5.1"]
[White "Praznik, Niko"]
[Black "Milenkovic, Mladen"]
[Result "1-0"]
[WhiteElo "2382"]
[BlackElo "2312"]
[PlyCount "77"]
[EventDate "2019.09.20"]
[EventType "team-tourn"]
[EventRounds "9"]
[EventCountry "SLO"]
[SourceTitle "CBM 192 Extra"]
[Source "Chessbase"]
[SourceDate "2019.11.06"]
[SourceVersion "1"]
[SourceVersionDate "2019.11.06"]
[SourceQuality "1"]
[WhiteTeam "Vrhnika"]
[BlackTeam "Domzale Tajfun"]
[WhiteTeamCountry "SLO"]
[BlackTeamCountry "SLO"]

1. Nf3 Nf6 2. d4 e6 3. e3 c5 4. Bd3 d5 5. c3 g6 6. Nbd2 cxd4 7. exd4 Bg7 8. 0-0 Nbd7 9. Re1 0-0 10. Ne5 b6 11. Ndf3 Bb7 12. Bf4 Qe7 13. Qd2 Ne4 14. Qe3 f6 15. Nxd7 Qxd7 16. Bh6 Rae8 17. Bxg7 Kxg7 18. Re2 Nd6 19. Rae1 Re7 20. h3 Rfe8 21. Nh2 e5 22. Ng4 Nf7 23. dxe5 fxe5 24. Nxe5 Nxe5 25. Qd4 Qc7 26. f4 Bc8 27. Rxe5 Rxe5 28. Rxe5 Rxe5 29. fxe5 Be6 30. Qf4 Qe7 31. Kf2 h6 32. Bc2 g5 33. Qd4 Kf8 34. Qd3 Qg7 35. Qd4 Ke7 36. Qb4+ Ke8 37. Qd6 Qf7+ 38. Kg1 Bd7 39. Bg6 1-0

[Event "SLO-chT1 West"]
[Site "Slovenia"]
[Date "2018.09.30"]
[Round "3.2"]
[White "Milenkovic, Mladen"]
[Black "Cibej, Marjan"]
[Result "1-0"]
[WhiteElo "2323"]
[BlackElo "2002"]
[PlyCount "67"]
[EventDate "2018.09.28"]
[EventType "team-tourn"]
[EventRounds "9"]
[EventCountry "SLO"]
[SourceTitle "CBM 187 Extra"]
[Source "ChessBase"]
[SourceDate "2018.11.04"]
[SourceVersion "1"]
[SourceVersionDate "2018.11.04"]
[SourceQuality "1"]
[WhiteTeam "Domzale Tajfun"]
[BlackTeam "Ilirska Bistrica Rimex"]
[WhiteTeamCountry "SLO"]
[BlackTeamCountry "SLO"]

1. e4 e5 2. Nc3 Bc5 3. Bc4 Nf6 4. d3 0-0 5. Bg5 c6 6. Bb3 d6 7. Nf3 h6 8. Bh4 Qe7 9. Qd2 b5 10. Nd1 a5 11. c3 a4 12. Bc2 d5 13. exd5 cxd5 14. 0-0 Bg4 15. d4 Bxf3 16. Bxf6 Qxf6 17. dxc5 Bxd1 18. Raxd1 Rd8 19. Qd3 b4 20. Qh7+ Kf8 21. cxb4 a3 22. bxa3 Rxa3 23. b5 Rxa2 24. c6 Nxc6 25. bxc6 Qxc6 26. Bb1 Raa8 27. Qh8+ Ke7 28. Qxg7 Qf6 29. Qxf6+ Kxf6 30. f3 h5 31. Rf2 h4 32. Ra2 Ke6 33. Rb2 f5 34. Rb6+ 1-0

[Event "SLO-chT1 West"]
[Site "Slovenia"]
[Date "2018.09.28"]
[Round "1.2"]
[White "Milenkovic, Mladen"]
[Black "Debevec, Blaz"]
[Result "1-0"]
[WhiteElo "2323"]
[BlackElo "2188"]
[PlyCount "167"]
[EventDate "2018.09.28"]
[EventType "team-tourn"]
[EventRounds "9"]
[EventCountry "SLO"]
[SourceTitle "CBM 187 Extra"]
[Source "ChessBase"]
[SourceDate "2018.11.04"]
[SourceVersion "1"]
[SourceVersionDate "2018.11.04"]
[SourceQuality "1"]
[WhiteTeam "Domzale Tajfun"]
[BlackTeam "Komenda"]
[WhiteTeamCountry "SLO"]
[BlackTeamCountry "SLO"]

1. c4 e5 2. Nc3 d6 3. g3 f5 4. Bg2 Nf6 5. e3 Be7 6. Nge2 c6 7. d4 0-0 8. 0-0 Qe8 9. d5 c5 10. e4 fxe4 11. Nxe4 Nxe4 12. Bxe4 Bh3 13. Bg2 Bxg2 14. Kxg2 Nd7 15. Nc3 Qg6 16. Qe2 a6 17. Bd2 Bg5 18. f4 exf4 19. Qe6+ Qxe6 20. dxe6 f3+ 21. Rxf3 Bxd2 22. exd7 Rxf3 23. Kxf3 Bxc3 24. bxc3 Rd8 25. Ke4 Kf7 26. Rb1 Rxd7 27. Kd5 Ke7 28. Rb6 h5 29. a4 g6 30. a5 g5 31. h3 g4 32. h4 Kd8 33. Rxd6 Kc7 34. Rxd7+ Kxd7 35. Kxc5 Kc7 36. Kd5 b6 37. axb6+ Kxb6 38. c5+ Kc7 39. c6 a5 40. Kc5 a4 41. Kb4 Kxc6 42. Kxa4 Kd5 43. Kb4 Ke4 44. c4 Kf3 45. c5 Kxg3 46. c6 Kh2 47. c7 g3 48. c8Q g2 49. Qc7+ Kh1 50. Qc6 Kh2 51. Qd6+ Kh1 52. Qd5 Kh2 53. Qe5+ Kh1 54. Qxh5 g1Q 55. Qf3+ Kh2 56. h5 Qd4+ 57. Kb3 Qc5 58. Qf4+ Kh3 59. h6 Qb6+ 60. Kc3 Qc6+ 61. Kd3 Qa6+ 62. Ke4 Qc4+ 63. Kf5 Qf7+ 64. Ke5 Qc7+ 65. Ke4 Qc4+ 66. Kf5 Qf7+ 67. Kg5 Qg8+ 68. Kf6 Qf8+ 69. Ke5 Qe7+ 70. Kd5 Qd8+ 71. Qd6 Qa8+ 72. Qc6 Qd8+ 73. Ke6 Qg8+ 74. Ke7 Qh7+ 75. Kd8 Qh8+ 76. Kd7 Kh4 77. Qg6 Qd4+ 78. Ke7 Qe5+ 79. Kf7 Qd5+ 80. Qe6 Qh5+ 81. Kf8 Kg5 82. Kg7 Qf3 83. Qg6+ Kf4 84. Qf6+ 1-0

[Event "Oberliga Nord W 1718"]
[Site "Germany"]
[Date "2018.04.15"]
[Round "9.4"]
[White "Milenkovic, Mladen"]
[Black "Herrmann, Andreas"]
[Result "0-1"]
[WhiteElo "2334"]
[BlackElo "2142"]
[PlyCount "108"]
[EventDate "2017.10.08"]
[EventType "team-tourn"]
[EventRounds "9"]
[EventCountry "GER"]
[SourceTitle "EXT 2019"]
[Source "ChessBase"]
[SourceDate "2018.10.10"]
[SourceVersion "1"]
[SourceVersionDate "2018.10.10"]
[SourceQuality "1"]
[WhiteTeam "Lingen"]
[BlackTeam "Hannover"]
[WhiteTeamCountry "GER"]
[BlackTeamCountry "GER"]

1. e4 c5 2. Nf3 d6 3. d4 cxd4 4. Nxd4 Nf6 5. Nc3 a6 6. Bg5 e6 7. Bc4 Be7 8. Bb3 0-0 9. h4 b5 10. f3 Bb7 11. Qd2 Nbd7 12. 0-0-0 Nc5 13. Nde2 b4 14. Na4 Nxb3+ 15. axb3 a5 16. Kb1 Ra6 17. g4 Qc7 18. Nd4 Rd8 19. h5 d5 20. e5 Ne8 21. Bxe7 Qxe7 22. f4 Nc7 23. Rde1 Bc6 24. f5 Nb5 25. Rhf1 Nxd4 26. Qxd4 Bxa4 27. bxa4 Qg5 28. b3 Rc8 29. Re2 Rc3 30. fxe6 fxe6 31. Ref2 Rc8 32. h6 Rac6 33. hxg7 Qxg7 34. Qe3 Qg6 35. Qd2 Rxc2 36. Qxc2 Rxc2 37. Rxc2 Qd3 38. Re1 Qxb3+ 39. Kc1 Qxa4 40. Kd2 b3 41. Rc8+ Kg7 42. Rc7+ Kg6 43. Rb7 Qd4+ 44. Ke2 a4 45. Rf1 Qxe5+ 46. Kf2 b2 47. Re1 Qf6+ 48. Kg2 a3 49. Ra7 Qc3 50. Rxe6+ Kg5 51. Rd7 Qc2+ 52. Kg3 Qd3+ 53. Kf2 b1Q 54. Re5+ Kxg4 0-1

[Event "Oberliga Nord W 1718"]
[Site "Germany"]
[Date "2018.02.04"]
[Round "6.5"]
[White "Milenkovic, Mladen"]
[Black "Margraf, Daniel"]
[Result "1-0"]
[WhiteElo "2334"]
[BlackElo "2184"]
[PlyCount "77"]
[EventDate "2017.10.08"]
[EventType "team-tourn"]
[EventRounds "9"]
[EventCountry "GER"]
[SourceTitle "EXT 2019"]
[Source "ChessBase"]
[SourceDate "2018.10.10"]
[SourceVersion "1"]
[SourceVersionDate "2018.10.10"]
[SourceQuality "1"]
[WhiteTeam "Lingen"]
[BlackTeam "Delmenhorst"]
[WhiteTeamCountry "GER"]
[BlackTeamCountry "GER"]

1. e4 e5 2. Nc3 Nf6 3. Bc4 c6 4. d4 exd4 5. Qxd4 b5 6. Bb3 b4 7. e5 bxc3 8. exf6 Qxf6 9. Qxf6 gxf6 10. Ne2 cxb2 11. Bxb2 Bb4+ 12. c3 Be7 13. 0-0 a5 14. a4 Na6 15. Rfe1 Nc5 16. Bc2 Rb8 17. Bc1 d5 18. Nd4 Bd7 19. Rxe7+ Kxe7 20. Ba3 Kd6 21. Nb3 Rxb3 22. Bxb3 Re8 23. Bc2 h5 24. Kf1 Re5 25. Re1 Rg5 26. f4 Rg4 27. g3 h4 28. Kf2 Rg8 29. gxh4 Rg4 30. Ke3 Rxh4 31. Rf1 Rxh2 32. Rf2 Rh1 33. Kd4 Ra1 34. Bxc5+ Kc7 35. Ke3 Bg4 36. Rg2 f5 37. Rh2 Rf1 38. Rh7 Rf3+ 39. Kd4 1-0

[Event "Oberliga Nord W 1718"]
[Site "Germany"]
[Date "2018.01.21"]
[Round "5.5"]
[White "Schmidt, Dennis"]
[Black "Milenkovic, Mladen"]
[Result "1-0"]
[WhiteElo "2038"]
[BlackElo "2334"]
[PlyCount "89"]
[EventDate "2017.10.08"]
[EventType "team-tourn"]
[EventRounds "9"]
[EventCountry "GER"]
[SourceTitle "EXT 2019"]
[Source "ChessBase"]
[SourceDate "2018.10.10"]
[SourceVersion "1"]
[SourceVersionDate "2018.10.10"]
[SourceQuality "1"]
[WhiteTeam "Hameln"]
[BlackTeam "Lingen"]
[WhiteTeamCountry "GER"]
[BlackTeamCountry "GER"]

1. e4 c5 2. Nf3 Nc6 3. d3 g6 4. g3 Bg7 5. Bg2 d6 6. 0-0 Nf6 7. Re1 0-0 8. c3 Rb8 9. Nbd2 b5 10. d4 b4 11. Nb3 bxc3 12. bxc3 c4 13. Nbd2 Qa5 14. Qc2 d5 15. Nh4 Be6 16. e5 Nd7 17. f4 Kh8 18. Ndf3 Bg4 19. h3 Bxf3 20. Nxf3 e6 21. g4 Ne7 22. Nd2 Rb6 23. a4 f6 24. Ba3 Rf7 25. Bb4 Qa6 26. a5 Rb8 27. Bd6 Re8 28. Nf3 Nc8 29. Bb4 fxe5 30. fxe5 Bf8 31. Ng5 Rg7 32. Rf1 Bxb4 33. cxb4 Kg8 34. Rf2 Rf8 35. Rxf8+ Nxf8 36. Rf1 h6 37. Qf2 Nd7 38. b5 Qxb5 39. Nxe6 Re7 40. Nc7 Qxa5 41. Nxd5 Qd8 42. Nxe7+ Qxe7 43. Bd5+ Kh8 44. Bxc4 Ncb6 45. e6 1-0

[Event "SRB-chT3 East"]
[Site "Serbia"]
[Date "2017.10.14"]
[Round "10.3"]
[White "Milenkovic, Mladen"]
[Black "Tosic, Branislav"]
[Result "1-0"]
[WhiteElo "2335"]
[BlackElo "2208"]
[PlyCount "54"]
[EventDate "2017.09.03"]
[EventType "team-tourn"]
[EventRounds "11"]
[EventCountry "SRB"]
[SourceTitle "EXT 2022"]
[Source "ChessBase"]
[SourceDate "2021.10.06"]
[SourceVersion "1"]
[SourceVersionDate "2021.10.06"]
[SourceQuality "1"]

1. e4 e6 2. d4 d5 3. Nc3 Bb4 4. a3 Bxc3+ 5. bxc3 dxe4 6. Qg4 Nf6 7. Qxg7 Rg8 8. Qh6 Rg6 9. Qe3 b6 10. Ne2 Bb7 11. Nf4 Rg8 12. Bb2 Nbd7 13. h3 Qe7 14. a4 e5 15. dxe5 Qxe5 16. a5 0-0-0 17. Be2 Qg5 18. c4 Nc5 19. 0-0 Rd6 20. g3 Kb8 21. axb6 cxb6 22. Rfd1 Rgd8 23. Rxd6 Rxd6 24. Rd1 Rxd1+ 25. Bxd1 Ncd7 26. Be2 Qc5 27. Bd4 Qd6 1-0